000 00385nam a2200133Ia 4500
008 151001s9999||||xx |||||||||||||| ||und||
100 _aश्रीनिवास कोचकर
245 _aसोन्याची साखळी
250 _a1
260 _bसुरस प्रकाशन पंजाब
260 _c1983
300 _a222
365 _b18
999 _c963923
_d963920